| 000 | 01070cam a2200289Ma 4500 | ||
|---|---|---|---|
| 005 | 20180601164025.0 | ||
| 008 | 150504s2011 ck d fr 000 0 spa d | ||
| 020 | _a9788467659436 | ||
| 020 | _a9789587620283 | ||
| 035 | _a(OCoLC)751668319 | ||
| 040 |
_aCO-BoUCM _bspa _cJose A. Gerena _dJose A. Gerena |
||
| 041 | 0 | _aspa | |
| 100 | 1 |
_aRíos Ariza, José Manuel _968548 |
|
| 245 | 1 | 0 |
_aCompetencias, TIC e innovación _bnuevos escenarios para nuevos retos _cJosé Manuel Ríos Ariza, Julio Ruiz Palmero |
| 260 |
_aBogotá (Colombia) _bEdiciones de la U _c2011 |
||
| 300 | _a136 páginas | ||
| 490 | 1 | _aInnovación escolar | |
| 504 | _aIncluye referencias bibliográficas | ||
| 650 | 0 | 7 |
_aEducación _913779 |
| 650 | 0 | 7 |
_aInnovaciones educativas _917714 |
| 650 | 0 | 7 |
_aTecnologías de la información y la comunicación. TICs _925152 |
| 650 | 0 | 7 |
_aEducación virtual _913885 |
| 690 |
_942917 _aTeoría de la educación |
||
| 700 | 1 |
_aRuiz Palmero, Julio _968549 |
|
| 942 |
_2DEWEY _a10 _cLIBRO _e1 _h371.33 _mR586 _n0 |
||
| 999 |
_c298977 _d298977 |
||